[Event "HUN-chT4 Chalupetzky 1516"]
[Site "Fertoszentmiklos"]
[Date "2015.10.11"]
[Round "1.5"]
[White "Sebestyen, Laszlo Jr"]
[Black "Egyed, Ferenc"]
[Result "1/2-1/2"]
[WhiteElo "1390"]
[BlackElo "1794"]
[PlyCount "32"]
[EventDate "2015.10.11"]
[EventType "team-tourn"]
[EventRounds "7"]
[EventCountry "HUN"]
[SourceTitle "EXT 2017"]
[Source "ChessBase"]
[SourceDate "2016.10.25"]
[SourceVersion "1"]
[SourceVersionDate "2016.10.25"]
[SourceQuality "1"]
[WhiteTeam "Gonyu"]
[BlackTeam "Fertoszentmiklos"]
[WhiteTeamCountry "HUN"]
[BlackTeamCountry "HUN"]

1. e4 e5 2. Nf3 Nf6 3. d3 Nc6 4. Be2 Be7 5. 0-0 0-0 6. a3 d6 7. Nc3 h6 8. d4 exd4 9. Nxd4 Bd7 10. Nxc6 Bxc6 11. Bd3 Qd7 12. Qe2 Rae8 13. f3 Bd8 14. Bb5 a6 15. Bxc6 Qxc6 16. Qd3 Nd7 1/2-1/2

[Event "HUN-chT4 1314"]
[Site "Hungary"]
[Date "2014.01.19"]
[Round "6.2"]
[White "Vagi, Laszlo"]
[Black "Egyed, Ferenc"]
[Result "1/2-1/2"]
[WhiteElo "1695"]
[BlackElo "1811"]
[PlyCount "71"]
[EventDate "2013.10.13"]
[EventType "team-tourn"]
[EventRounds "11"]
[EventCountry "HUN"]
[SourceTitle "EXT 2016"]
[Source "ChessBase"]
[SourceDate "2015.10.08"]
[SourceVersion "1"]
[SourceVersionDate "2015.10.08"]
[SourceQuality "1"]

1. e4 e5 2. Nf3 Nc6 3. Bb5 d6 4. 0-0 Bd7 5. c3 Nf6 6. Re1 Be7 7. a3 0-0 8. d4 exd4 9. cxd4 a6 10. Ba4 b5 11. Bc2 Bg4 12. Qd3 g6 13. Bh6 Re8 14. Nbd2 Bf8 15. Bxf8 Rxf8 16. h3 Bd7 17. d5 Ne7 18. Nd4 Nc8 19. Qe3 Nb6 20. Qh6 Ne8 21. N4f3 f6 22. Nb3 Nc4 23. Rab1 Qe7 24. Nbd4 Ne5 25. b3 Ng7 26. Rbd1 Rfc8 27. Qd2 Ne8 28. Re3 Ng7 29. Bb1 Ne8 30. Ne1 Qg7 31. f4 Nf7 32. Nef3 Qh6 33. f5 Ne5 34. Ne6 g5 35. Rc3 Bxe6 36. dxe6 1/2-1/2

[Event "HUN-chT2 Szechenyi 0203"]
[Site "Hungary"]
[Date "2002.11.24"]
[Round "3"]
[White "Egyed, Ferenc"]
[Black "Takacs, Tamas"]
[Result "0-1"]
[WhiteElo "2003"]
[BlackElo "1977"]
[PlyCount "82"]
[EventDate "2002.09.22"]
[EventType "team"]
[EventRounds "11"]
[EventCountry "HUN"]
[SourceTitle "EXT 2009"]
[Source "ChessBase"]
[SourceDate "2008.11.26"]
[SourceVersion "1"]
[SourceVersionDate "2008.11.26"]
[SourceQuality "1"]

1. e4 c6 2. d4 d5 3. exd5 cxd5 4. Nf3 g6 5. Bb5+ Bd7 6. Bxd7+ Nxd7 7. 0-0 Bg7 8. Re1 Ngf6 9. c3 0-0 10. Bf4 Nb6 11. Nbd2 Re8 12. h3 Rc8 13. Qe2 Na4 14. Rab1 a6 15. Qe3 b5 16. Bh6 Qd6 17. Bf4 Qb6 18. a3 a5 19. Be5 Qa6 20. Qd3 Rc6 21. g4 b4 22. Qxa6 Rxa6 23. c4 dxc4 24. Nxc4 Rc8 25. Ncd2 Rc2 26. axb4 axb4 27. b3 Nc3 28. Ra1 Rca2 29. Rxa2 Rxa2 30. g5 Nfd5 31. Bxg7 Kxg7 32. Nc4 e6 33. Kf1 Nf4 34. h4 Nd3 35. Re3 Nxf2 36. Nfd2 Ng4 37. Rg3 h5 38. gxh6+ Nxh6 39. Rf3 Nf5 40. Rh3 Nxd4 41. Kf2 Nxb3 0-1